Les 111 communes les plus pauvres de France - Statistiques

Statistiques générales
  • Ce quiz a été pris 81 fois
  • Le résultat moyen est 23 sur 111
Statistiques - réponses
Revenu médian Département Commune % Correct
15 720 € Seine-Saint-Denis Saint-Denis
83%
14 090 € Nord Roubaix
81%
17 400 € Nord Tourcoing
77%
16 310 € Pas-de-Calais Lens
67%
14 640 € Seine-Saint-Denis Aubervilliers
65%
17 230 € Pas-de-Calais Calais
60%
13 960 € Essonne Grigny
60%
15 890 € Val-d'Oise Sarcelles
56%
15 500 € Seine-Saint-Denis Bobigny
52%
16 730 € Pyrénées-Orientales Perpignan
50%
16 910 € Pas-de-Calais Boulogne-sur-Mer
48%
14 980 € Oise Creil
46%
14 610 € Seine-Saint-Denis La Courneuve
44%
16 870 € Marne Vitry-le-François
42%
16 350 € Hérault Béziers
40%
16 570 € Ardennes Sedan
40%
16 360 € Rhône Vénissieux
40%
14 410 € Seine-Saint-Denis Clichy-sous-Bois
38%
15 170 € Val-d'Oise Garges-lès-Gonesse
38%
16 450 € Seine-Saint-Denis Sevran
38%
16 680 € Seine-Saint-Denis Bondy
37%
15 670 € Nord Maubeuge
37%
16 240 € Loiret Montargis
37%
16 900 € Moselle Forbach
33%
16 520 € Yvelines Mantes-la-Jolie
33%
14 320 € Nord Denain
31%
16 130 € Rhône Vaulx-en-Velin
31%
17 320 € Seine-Saint-Denis Noisy-le-Sec
29%
17 230 € Eure-et-Loir Dreux
27%
17 400 € Val-d'Oise Goussainville
27%
16 740 € Pas-de-Calais Liévin
27%
17 080 € Oise Nogent-sur-Oise
27%
17 180 € Gard Alès
25%
16 910 € Vaucluse Avignon
25%
16 100 € Haut-Rhin Mulhouse
25%
16 910 € Seine-Saint-Denis Epinay-sur-Seine
25%
16 570 € Seine-Saint-Denis Le Blanc-Mesnil
25%
15 560 € Val-d'Oise Villiers-le-Bel
25%
16 950 € Seine-Saint-Denis Le Bourget
23%
16 250 € Val-de-Marne Villeneuve-Saint-Georges
23%
16 350 € Pas-de-Calais Bruay-la-Buissière
21%
16 450 € Nord Bruay-sur-l'Escaut
21%
15 190 € Seine-Saint-Denis Pierrefitte-sur-Seine
21%
15 380 € Seine-Saint-Denis Stains
21%
16 900 € Pas-de-Calais Avion
19%
17 230 € Pas-de-Calais Saint-Omer
19%
16 760 € Moselle Woippy
19%
16 570 € Seine-Saint-Denis Dugny
17%
15 920 € Nord Fourmies
17%
17 180 € Rhône Givors
17%
15 600 € Nord Hautmont
17%
15 930 € Nord Grande-Synthe
15%
15 600 € Aube La Chapelle-Saint-Luc
15%
15 450 € Seine-et-Marne Montereau-Fault-Yonne
15%
14 920 € Moselle Behren-lès-Forbach
13%
16 610 € Seine-Saint-Denis L'Île-Saint-Denis
13%
17 370 € Bouches-du-Rhône Tarascon
13%
17 200 € Val-de-Marne Valenton
13%
15 880 € Nord Anzin
12%
16 760 € Loiret Châlette-sur-Loing
12%
17 380 € Haute-Saône Gray
12%
17 160 € Meurthe-et-Moselle Maxéville
12%
16 730 € Oise Montataire
12%
17 030 € Aube Romilly-sur-Seine
12%
15 650 € Seine-Saint-Denis Villetaneuse
12%
16 840 € Seine-Maritime Elbeuf
10%
16 760 € Nord Fresnes-sur-Escaut
10%
17 290 € Yonne Joigny
10%
17 380 € Loiret Pithiviers
10%
16 080 € Rhône Saint-Fons
10%
17 350 € Gard Saint-Gilles
10%
15 950 € Nord Waziers
10%
16 180 € Pas-de-Calais Auchel
8%
15 910 € Aisne Hirson
8%
16 920 € Hérault Lodève
8%
17 170 € Gironde Lormont
8%
14 620 € Nord Louvroil
8%
17 190 € Yonne Migennes
8%
16 820 € Meurthe-et-Moselle Mont-Saint-Martin
8%
16 820 € Pas-de-Calais Noyelles-sous-Lens
8%
16 840 € Oise Noyon
8%
17 190 € Pas-de-Calais Rouvroy
8%
15 650 € Pas-de-Calais Sallaumines
8%
16 820 € Nord Aniche
6%
16 810 € Pas-de-Calais Billy-Montigny
6%
16 980 € Nord Caudry
6%
16 930 € Nord Douchy-les-Mines
6%
16 060 € Nord Jeumont
6%
16 090 € Loire La Ricamarie
6%
16 320 € Eure Val-de-Reuil
6%
17 370 € Nord Aulnoye-Aymeries
4%
17 330 € Hérault Bédarieux
4%
16 920 € Doubs Bethoncourt
4%
16 410 € Nord Beuvrages
4%
15 180 € Aisne Bohain-en-Vermandois
4%
16 600 € Pas-de-Calais Calonne-Ricouart
4%
15 970 € Nord Condé-sur-l'Escaut
4%
16 650 € Pas-de-Calais Divion
4%
15 320 € Moselle Farébersviller
4%
17 320 € Pas-de-Calais Fouquières-lès-Lens
4%
16 250 € Pas-de-Calais Grenay
4%
15 930 € Nord Le Cateau-Cambrésis
4%
15 880 € Pas-de-Calais Marles-les-Mines
4%
16 980 € Pas-de-Calais Mazingarbe
4%
15 720 € Nord Quiévrechain
4%
16 940 € Nord Raismes
4%
17 380 € Nord Auby
2%
17 160 € Pas-de-Calais Barlin
2%
17 250 € Pas-de-Calais Dechy
2%
16 610 € Nord Escaudain
2%
17 310 € Nord Pecquencourt
2%
Aucun quiz correspondant
Distribution des résultats
% des personnes avec chaque résultat
Percentile par nombre de réponses
Votre historique - résultats
Vous n’avez pas pris ce quiz